All German Premier League Players Ever - Statistics

General Stats
  • This quiz has been taken 103 times
    43 since last reset
  • The average score is 27 of 89
Answer Stats
Position Clubs Years Player % Correct
MID Man City 2016-23, 2024-present Ilkay Gundogan
89%
MID Arsenal 2013-20 Mesut Ozil
89%
ATT Chelsea, Arsenal 2020-present Kai Havertz
84%
MID Chelsea 2006-10 Michael Ballack
84%
MID Manchester United 2015-16 Bastian Schweinsteiger
79%
MID Liverpool 2025-present Florian Wirtz
79%
GK Arsenal, Fulham 2018-present Bernd Leno
76%
ATT Arsenal 2012-15 Lukas Podolski
76%
MID Brighton 2017-24, 2025-present Pascal Gross
76%
DEF Arsenal 2011-18 Per Mertesacker
76%
DEF Chelsea 2017-22 Antonio Rudiger
74%
DEF Arsenal 2016-21 Shkodran Mustafi
74%
ATT Chelsea, Spurs 2020-22, 2023-25 Timo Werner
74%
MID Liverpool 2014-18 Emre Can
71%
GK Arsenal 2003-08, 2010-11 Jens Lehmann
71%
DEF Chelsea, Middlesbrough, Stoke, Leicester 2001-17 Robert Huth
71%
GK Man City, Forest 2022-present Stefan Ortega
71%
ATT Chelsea, Fulham 2013-15, 2018-19 Andre Schurrle
68%
GK Liverpool, Newcastle 2016-18, 2023-24 Loris Karius
68%
ATT West Ham 2024-present Niclas Fullkrug
68%
MID/ATT Man City 2016-19 Leroy Sane
66%
MID/ATT Arsenal, West Brom 2012-14, 2015-16 Serge Gnabry
63%
ATT Newcastle 2025-present Nick Woltemade
61%
DEF Man City 2010-11 Jerome Boateng
58%
DEF West Ham 2022-24 Thilo Kehrer
53%
ATT Brentford 2022-present Kevin Schade
50%
MID Newcastle, Liverpool, Man City 1998-2009 Dietmar Hamann
47%
ATT Spurs 1994-95, 1997-98 Jurgen Klinsmann
47%
MID Leeds 2025-present Anton Stach
37%
DEF Newcastle 2025-present Malick Thiaw
37%
DEF/MID Middlesbrough, Liverpool, Spurs 1999-2004 Christian Ziege
34%
DEF Leeds 2020-23 Robin Koch
34%
MID Man City, Leeds 2017-18, 2025-[resent Lukas Nmecha
32%
MID Aston Villa, West Ham, Everton 2000-05, 2010-11, 2012-13 Thomas Hitzlsperger
32%
DEF Southampton 2022-23, 2024-25 Armel Bella-Kotchap
29%
MID Brighton 2024-26 Brajan Gruda
29%
MID Chelsea 2012-13 Marko Marin
29%
MID Brentford 2021-present Vitaly Janelt
29%
ATT Brighton 2022-23 Deniz Undav
26%
DEF Burnley 2023-24 Jordan Beyer
26%
DEF Liverpool, Blackburn 2000-04 Markus Babbel
24%
MID Crystal Palace 2018-20 Max Meyer
24%
MID Everton 2025-present Merlin Rohl
24%
DEF Huddersfield 2017-19 Christopher Schindler
21%
GK Leicester 2016-17 Ron-Robert Zieler
21%
MID Liverpool 1997-99 Karl-Heinz Riedle
18%
ATT Man City, Southampton 1993-96, 2000-02 Uwe Rosler
16%
DEF Norwich 2019-20, 2021-22 Christoph Zimmermann
13%
MID Spurs, Fulham 2012-15 Lewis Holtby
13%
MID Brighton 2023-24 Mahmoud Dahoud
13%
DEF Stoke 2014-17 Philipp Wollscheid
13%
MID Spurs, Leicester 1998-2004 Steffen Freund
13%
GK Man City 1995-96 Eike Immel
11%
ATT Bolton 2001-02 Fredi Bobic
11%
MID Norwich 2019-20, 2021-22 Lukas Rupp
11%
MID Norwich 2019-20 Moritz Leitner
11%
DEF Huddersfield 2017-19 Chris Lowe
8%
GK Swansea 2011-15 Gerhard Tremmel
8%
DEF Forest 2025-present Luca Netz
8%
DEF Man City 2003-04 Michael Tarnat
8%
DEF Fulham 2003-08 Moritz Volz
8%
DEF Fulham 2012-14 Sascha Riether
8%
ATT Liverpool 1998-99 Sean Dundee
8%
ATT Huddersfield 2017-19 Collin Quaner
5%
ATT Norwich 2019-20 Dennis Srbeny
5%
DEF Forest 2024-present Eric da Silva Moreira
5%
MID Sunderland 2015-17 Jan Kirchoff
5%
GK Norwich 2019-20 Ralf Fahrmann
5%
DEF Sunderland 1999-2000 Thomas Helmer
5%
MID Norwich 2019-20 Tom Trybull
5%
MID Arsenal 1997-99 Alberto Mendez
3%
DEF Huddersfield 2018-19 Erik Durm
3%
MID Aston Villa 1992-94 Matthias Breitkreutz
3%
MID Man City 1994-95 Maurizio Gaudino
3%
DEF Man City 1995-96 Michael Frontzeck
3%
DEF Huddersfield 2017-18 Michael Hefele
3%
MID Aston Villa 1992-94 Stefan Beinlich
3%
MID Arsenal 1999-2001 Stefan Malz
3%
DEF Derby 1998-2001 Stefan Schnoor
3%
MID Man City 1993-94 Steffen Karl
3%
DEF Brighton 2017-18 Uwe Hunemeier
3%
GK Barnsley 1997-98 Lars Leese
0%
DEF Portsmouth 2009-10 Lennard Sowah
0%
MID Norwich 2019-20 Marco Stiepermann
0%
ATT Hull City 2013-14 Nick Proschwitz
0%
MID Brighton 2020-21 Reda Khadra
0%
ATT West Ham 2008-09 Savio Nsereko
0%
MID Blackburn 2005-07 Sergio Peter
0%
GK Everton 2007-08 Stefan Wessels
0%
No matching quizzes found
Score Distribution
Percent of People with Each Score
Percentile by Number Answered
Your Score History
You have not taken this quiz since the last reset